IBM PC and XT User s Handbook (Record no. 247683)

MARC details
000 -LEADER
fixed length control field 00419nam a2200181Ia 4500
008 - FIXED-LENGTH DATA ELEMENTS--GENERAL INFORMATION
fixed length control field 240921s9999||||xx |||||||||||||| ||und||
082 ## - DEWEY DECIMAL CLASSIFICATION NUMBER
-- 5.265
100 ## - MAIN ENTRY--PERSONAL NAME
Personal name WSI Staff
245 #0 - TITLE STATEMENT
Title IBM PC and XT User s Handbook
250 ## - EDITION STATEMENT
Edition statement 1st
260 ## - PUBLICATION, DISTRIBUTION, ETC. (IMPRINT)
Name of publisher, distributor, etc BPB,New
500 ## - GENERAL NOTE
General note Advanced Concepts
650 ## - SUBJECT ADDED ENTRY--TOPICAL TERM
Topical term or geographic name as entry element IBM
942 ## - ADDED ENTRY ELEMENTS (KOHA)
Item type Books
Holdings
Withdrawn status Lost status Damaged status Permanent location Current location Shelving location Date acquired Source of acquisition Cost, normal purchase price Full call number Barcode Date last seen Koha item type
      CENTRAL LIBRARY, NOORUL ISLAM CENTRE FOR HIGHER EDUCATION CENTRAL LIBRARY, NOORUL ISLAM CENTRE FOR HIGHER EDUCATION   05/09/2003 Higginbothams Private Ltd 60.00 5.265 638 09/21/2024 Books
Visitors:
Copyright © 2024 Central Library NICHE.  All rights reserved.